000 00604nam a2200229Ia 4500
003 OSt
005 20220928142359.0
006 a|||||r|||| 00| 0
007 ta
008 220927b |||||||| |||| 00| 0 eng d
024 _a19440
037 _cTextual
040 _aSDCL
_cSDCL
_beng
041 _2eng
_aeng
082 _aP152, M4
100 _aSirohi Balraj Singh
_9503434
245 0 _aHindi
_b Samasya aur samadhan.
260 _c1984
700 _a Agarwal Savitri
_9503435
942 _hP152, M4
_cTEXL
_2CC
999 _c821611
_d821611